| 000 | 00928nam a22003137a 4500 | ||
|---|---|---|---|
| 003 | CHAP | ||
| 005 | 20220329135149.0 | ||
| 008 | 971013s at r 00010 eng d | ||
| 010 | _a31967 | ||
| 011 | _a32939 | ||
| 035 | _a37054 | ||
| 040 | _cCHAP | ||
| 090 | _aFolleto 9471 | ||
| 110 | 1 |
_aNew Soult Wales. Forestry Commission _981012 |
|
| 245 | 1 | _aBibliography, 198 - 8 | |
| 260 |
_aSydney : _bThe Commission, _c198- |
||
| 300 | _av. | ||
| 500 | _aLa biblioteca tiene : 1983-84 | ||
| 590 |
_aBATCH-UPD _b10 _c20130110 _lUCH01 _h1618 |
||
| 590 |
_aBATCH-UPD _b10 _c20130410 _lUCH01 _h1012 |
||
| 590 |
_aBATCH-UPD _b10 _c20130914 _lUCH01 _h0711 |
||
| 590 |
_aCONVERSION _b10 _c20130109 _lUCH01 _h1318 |
||
| 650 | 1 | 4 |
_aAustralia _xBosques. _98358 |
| 650 | 1 | 4 |
_aBosques _xAustralia. _914091 |
| 650 | 1 | 4 |
_aBosques _xBibliografía. _914095 |
| 901 | _aBK | ||
| 942 | _cFOLL | ||
| 949 |
_aFolleto 9471 _bBC _cFOLL _d-85038 _eTS1 _i37054 _si |
||
| 999 |
_c31967 _d31967 |
||